LEWE SAAM MET DIE 1820-SETLAARS (Record no. 422244)

MARC details
000 -LEADER
fixed length control field 00276nam a2200097Ia 4500
082 ## - DEWEY DECIMAL CLASSIFICATION NUMBER
Classification number J 968.7042 ROB
008 - FIXED-LENGTH DATA ELEMENTS--GENERAL INFORMATION
fixed length control field 210817s9999 xx 000 0 und d
100 ## - MAIN ENTRY--PERSONAL NAME
Personal name ROBERTSON, MARIAN Cape Town, 1985
9 (RLIN) 95428
245 #0 - TITLE STATEMENT
Title LEWE SAAM MET DIE 1820-SETLAARS
942 ## - ADDED ENTRY ELEMENTS
item type Books

No items available.